000 00553nam a2200193 a 4500
005 20210223122100.0
008 991125s1976 es 000 0 spa u
020 _a8472223132
035 _aUPN01000029044
049 _aCG
050 4 _aHX39
_bR3.3
100 1 _aRama, Carlos Manuel,
_d1921-1983
_930759
245 1 4 _aLas ideas socialistas en el siglo XIX /
_cCarlos M. Rama.
260 _aBarcelona, Esp. :
_bLaia,
_c1976.
300 _a280 p.
440 0 _aEdiciones de bolsillo ;
_v462
650 4 _aSOCIALISMO -
_xHISTORIA
_918141
905 _aLibro
999 _c29044
_d29044